Lupe Fiasco Discography - Statistics

General Stats
  • This quiz has been taken 30 times
  • The average score is 6 of 13
Answer Stats
Year Name Type % Correct
2011 Lasers Album
92%
2015 Tetsuo & Youth Album
92%
2006 Lupe Fiasco's Food & Liquor Album
83%
2017 Drogas Light Album
79%
2012 Food & Liquor II: The Great American Rap Album Pt. 1 Album
75%
2007 Lupe Fiasco's The Cool Album
75%
2005 Fahrenheit 1/15 Part 1: The Truth Is Among Us Mixtape
29%
2009 Enemy of the State: A Love Story Mixtape
25%
2006 Fahrenheit 1/15 Part II: Revenge of the Nerds Mixtape
25%
2011 Friend of the People: I Fight Evil Mixtape
17%
2006 Fahrenheit 1/15 Part III: A Rhyming Ape Mixtape
13%
2015 Pharaoh Height 2/30 Mixtape
13%
2014 Lost in the Atlantic Mixtape
8%
No matching quizzes found
Score Distribution
Percent of People with Each Score
Percentile by Number Answered
Your Score History
You have not taken this quiz